Т. 155, № 2; Теоретическая и математическая физика

Chi tiết về thư mục
Parent link:Теоретическая и математическая физика: научный журнал/ Российская академия наук (РАН). Т. 155, № 2.— , 1969-.— 0564-6162
Ngôn ngữ:Tiếng Nga
Được phát hành: 2008
Định dạng: Sách
KOHA link:https://koha.lib.tpu.ru/cgi-bin/koha/opac-detail.pl?biblionumber=406683

MARC

LEADER 00000nam2a2200000 4500
001 406683
005 20231101070546.0
035 |a (RuTPU)RU\TPU\prd\58097 
090 |a 406683 
100 |a 20080625a19659999k y0rusy50 ca 
101 0 |a rus 
102 |a RU 
200 0 |a Т. 155, № 2 
210 |d 2008 
461 1 |0 (RuTPU)RU\TPU\prd\1730  |x 0564-6162  |t Теоретическая и математическая физика  |o научный журнал  |f Российская академия наук (РАН)  |v Т. 155, № 2  |d 1969- 
801 0 |a RU  |b 63413507  |c 20010227  |g PSBO 
801 1 |a RU  |b 63413507  |c 20080625  |g PSBO 
801 2 |a RU  |b 63413507  |c 20201228  |g RCR 
942 |c BK 
999 |a НТБ_ТПУ  |b НФ  |e -1/20080109  |p П-7280  |s 6/20070907  |u 500,00  |v 1